000
00308nam a2200121Ia 4500
008
220120s9999||||xx |||||||||||||| ||und||
082
_a
650 TRI
100
_a
Tripathi, P.C and Reddy, P.N.
245
0
_a
Principles of management
260
_b
Bangalore
_c
2009
300
_b
299
650
_a
ELECTRICAL SCIENCE
999
_c
132266
_d
132266